[Event "Clermont Ferrand"]
[Site "Clermont Ferrand"]
[Date "1989.??.??"]
[Round "?"]
[White "Ehlvest, Jaan"]
[Black "Spassky, Boris V"]
[Result "1/2-1/2"]
[WhiteElo "2620"]
[BlackElo "2580"]

1.e4 e5 2.Nf3 Nc6 3.Bc4 Bc5 4.c3 Nf6 5.d3 a5 6.O-O d6 7.Re1 O-O 8.Nbd2 Kh8
9.Nf1 Be6 10.Bb5 Bd7 11.Ng3 Bb6 12.Be3 Bxe3 13.Rxe3 Ne7 14.Bxd7 Qxd7 15.d4 Nc6
16.a4 Rfe8 17.h3 Kg8 18.Qe2 Ra6 19.Rd1 Qe7 20.Rd2 g6 21.Qd1 Rb6 22.Rde2 Qf8  1/2-1/2

[Event "Clermont Ferrand"]
[Site "Clermont Ferrand"]
[Date "1989.??.??"]
[Round "?"]
[White "Lautier, Joel"]
[Black "Ehlvest, Jaan"]
[Result "0-1"]
[WhiteElo "2465"]
[BlackElo "2620"]

1.c4 Nf6 2.d4 e6 3.g3 b6 4.Nf3 Ba6 5.b3 Bb4+ 6.Bd2 Be7 7.Nc3 O-O 8.e4 d5
9.cxd5 exd5 10.Bxa6 Nxa6 11.e5 Ne4 12.Qe2 Nxc3 13.Bxc3 Qc8 14.O-O c6 15.Rac1 Nc7
16.Bb2 Ne6 17.Ne1 f5 18.f4 a5 19.a4 Qd7 20.Nc2 g6 21.Qd3 Rab8 22.Bc3 Rfd8
23.Ne3 Rf8 24.Rc2 b5 25.Qd2 c5 26.Rd1 bxa4 27.bxa4 Rb3 28.Rb2 Rfb8 29.Rdb1 Rxb2
30.Rxb2 Rxb2 31.Qxb2 Kf7 32.Nc2 Qxa4 33.Kg2 Qc4 34.Kf2 cxd4 35.Bxa5 Nc5 36.Ne1 d3
37.Nf3 Qc2+  0-1

[Event "Clermont Ferrand"]
[Site "Clermont Ferrand"]
[Date "1989.??.??"]
[Round "?"]
[White "Sax, Gyula"]
[Black "Ehlvest, Jaan"]
[Result "1/2-1/2"]
[WhiteElo "2580"]
[BlackElo "2620"]

1.e4 e5 2.Nf3 Nc6 3.Bb5 a6 4.Ba4 Nf6 5.O-O Be7 6.Re1 b5 7.Bb3 O-O 8.c3 d5
9.exd5 Nxd5 10.Nxe5 Nxe5 11.Rxe5 c6 12.d4 Bd6 13.Re1 Qh4 14.g3 Qh3 15.Be3 Bg4
16.Qd3 f5 17.f4 Kh8 18.Bxd5 cxd5 19.Nd2 g5 20.Qf1 Qh5 21.a4  1/2-1/2

[Event "New York op"]
[Site "New York"]
[Date "1989.??.??"]
[Round "1"]
[White "Lein, Anatoly"]
[Black "Ehlvest, Jaan"]
[Result "1/2-1/2"]
[WhiteElo "2485"]
[BlackElo "2600"]

1.e4 c5 2.c3 e6 3.d4 d5 4.e5 Nc6 5.Nf3 Qb6 6.Be2 Nh6 7.Bxh6 gxh6 8.Qd2 Bg7
9.Na3 cxd4 10.cxd4 O-O 11.O-O f6 12.exf6 Rxf6 13.Nc2 Bd7 14.b4 Rff8 15.a4 Qd8
16.Ra3 Be8 17.b5 Na5 18.Ne5 Bg6 19.Nxg6 hxg6 20.g3 Nc4 21.Bxc4 dxc4 22.Qe2 Qd5
23.Rc3 Rac8 24.Rd1 h5 25.Ne3 Qf3 26.Qxf3 Rxf3 27.Kg2 Rf7 28.Rxc4 Rxc4 29.Nxc4 Rd7
30.Kf3 Rc7 31.Ne5 Rc3+ 32.Rd3 Rxd3+ 33.Nxd3 Bxd4 34.Ke4 Bb6 35.h3 Kf7 36.f4 a6
37.bxa6 bxa6 38.g4 hxg4 39.hxg4 Bc7 40.Ne5+ Kg7 41.g5 Bd6 42.Kd4 Kh7 43.Ke3 Kg7
44.Ke4 Bc7  1/2-1/2

[Event "New York op"]
[Site "New York"]
[Date "1989.??.??"]
[Round "2"]
[White "Ehlvest, Jaan"]
[Black "Ivanov, Alexander"]
[Result "1-0"]
[WhiteElo "2600"]
[BlackElo "2470"]

1.c4 g6 2.d4 Bg7 3.Nc3 d6 4.Nf3 Bg4 5.e3 c5 6.d5 e5 7.dxe6 Bxe6 8.Nb5 Nf6
9.Qxd6 Qxd6 10.Nxd6+ Kd7 11.Nxb7 Na6 12.a3 Rab8 13.Na5 Ne4 14.Bd3 f5 15.Nd2 Nxd2
16.Kxd2 Bxb2 17.Rb1 Be5 18.Nb3 Rb6 19.Bb2 Kd6 20.Bxe5+ Kxe5 21.Kc3 Rhb8 22.Nd2 Nc7
23.Nb3 Ra6 24.Ra1 Kd6 25.Rhd1 Kc6 26.Be2 Ne8 27.Bf3+ Kb6 28.a4  1-0

[Event "New York op"]
[Site "New York"]
[Date "1989.??.??"]
[Round "3"]
[White "Alburt, Lev O"]
[Black "Ehlvest, Jaan"]
[Result "1/2-1/2"]
[WhiteElo "2520"]
[BlackElo "2600"]

1.c4 e5 2.Nc3 Nf6 3.Nf3 Nc6 4.e4 Be7 5.d4 Bb4 6.dxe5 Nxe4 7.Qc2 d5 8.Be3 Nxc3
9.bxc3 d4 10.Nxd4 Nxd4 11.Qd2 Bxc3 12.Qxc3 c5 13.Rd1 O-O 14.Bxd4 cxd4 15.Rxd4 Qe7
16.Rd2 Re8 17.Be2 Bf5 18.f4 Rac8 19.Qe3 f6 20.O-O fxe5 21.Qxa7 Ra8 22.Qe3 exf4
23.Qxe7 Rxe7 24.Rxf4 Be4 25.Bf3 Bxf3 26.Rxf3 h6 27.Rb3 Ra4 28.Rc2 Rc7 29.c5 Ra5
30.Rbc3 Rc6 31.h3 Rca6 32.Rb2 Rxa2 33.Rxb7 Rg6 34.g4 Re6 35.Kf1 Ree2 36.Ra7 Rad2
37.Rd7  1/2-1/2

[Event "New York op"]
[Site "New York"]
[Date "1989.??.??"]
[Round "4"]
[White "Ehlvest, Jaan"]
[Black "Gheorghiu, Florin"]
[Result "1-0"]
[WhiteElo "2600"]
[BlackElo "2515"]

1.d4 Nf6 2.Nf3 c5 3.d5 g6 4.c4 d6 5.Nc3 Bg7 6.e4 O-O 7.h3 e6 8.Bd3 Na6 9.O-O Nc7
10.Bg5 h6 11.Be3 exd5 12.exd5 b5 13.b3 Re8 14.Qc1 Kh7 15.a3 Rb8 16.Qc2 Bd7
17.Rab1 a5 18.Bf4 Rb6 19.Nd2 b4 20.Na4 Bxa4 21.bxa4 Na6 22.Qb3 Rb8 23.Bh2 Qe7
24.Kh1 Kg8 25.Rbd1 Qd7 26.Qc2 Re7 27.Bg3 bxa3  1-0

[Event "New York op"]
[Site "New York"]
[Date "1989.??.??"]
[Round "6"]
[White "Ehlvest, Jaan"]
[Black "Fedorowicz, John P"]
[Result "0-1"]
[WhiteElo "2600"]
[BlackElo "2505"]

1.d4 Nf6 2.c4 c5 3.d5 b5 4.cxb5 a6 5.bxa6 g6 6.Nc3 Bxa6 7.g3 d6 8.Bg2 Bg7
9.Nf3 Nbd7 10.O-O Nb6 11.Ne1 Nc4 12.Nd3 Nd7 13.Qc2 O-O 14.h4 Qa5 15.a3 Rab8
16.Ra2 Nce5 17.Nxe5 Nxe5 18.h5 Qb6 19.Qe4 Qb3 20.Ra1 Qc4 21.Qc2 Rb3 22.hxg6 hxg6
23.f4 Ng4 24.Bf3 Bd4+ 25.Kg2 Nf6 26.Qd1 Rfb8 27.Rh1 Rxb2 28.Bxb2 Rxb2 29.Na4 Rb3
30.Rb1 Rxb1 31.Qxb1 Qxa4 32.f5 g5 33.Qc1 Nh7 34.Qb1 Bf6 35.Qb8+ Nf8 36.g4 c4
37.Rb1 c3 38.Qd8 Qc2  0-1

[Event "New York op"]
[Site "New York"]
[Date "1989.??.??"]
[Round "8"]
[White "Ehlvest, Jaan"]
[Black "Kovacevic, Vlatko"]
[Result "1/2-1/2"]
[WhiteElo "2600"]
[BlackElo "2545"]

1.e4 e6 2.d4 d5 3.Nc3 Nf6 4.e5 Nfd7 5.Nce2 c5 6.c3 Nc6 7.f4 cxd4 8.cxd4 Nb6
9.Nf3 Bd7 10.Nc3 a5 11.Bd3 a4 12.O-O h6 13.Rf2 Na5 14.Rb1 Be7 15.g4 a3 16.b3 Nc6
17.f5 Nb4 18.Bf4 Nc8 19.Rc1 Nxd3 20.Qxd3 Na7 21.f6 gxf6 22.exf6 Bxf6 23.Qe3 Rc8
24.Be5 Rh7 25.Rcf1 Rg7 26.Nxd5 Rxg4+ 27.Bg3 Bg7 28.Ne5 Bb5 29.Nxg4 Qxd5 30.Qf4 f5
31.Ne3 Qxd4 32.Nxf5 exf5 33.Re1+ Kf7 34.Qxf5+ Kg8 35.Qe6+ Kh7 36.Qf5+ Kh8
37.Be5 Bxe5 38.Qxe5+ Qxe5 39.Rxe5 Rg8+ 40.Rg2 Rxg2+ 41.Kxg2 Kg7 42.Kg3 Kf6
43.Kf4 Bc6 44.Rh5 Kg6 45.Rh3 Nb5 46.Rg3+ Kf6 47.Rh3 Kg6 48.Rg3+ Kf6 49.Rh3  1/2-1/2

[Event "New York op"]
[Site "New York"]
[Date "1989.??.??"]
[Round "9"]
[White "Epishin, Vladimir"]
[Black "Ehlvest, Jaan"]
[Result "1/2-1/2"]
[WhiteElo "2465"]
[BlackElo "2600"]

1.d4 g6 2.e4 Bg7 3.Nf3 d6 4.Bc4 Nf6 5.Qe2 c6 6.Nbd2 O-O 7.c3 Nh5 8.Nb3 e5
9.dxe5 dxe5 10.O-O Nd7 11.Bg5 Qc7 12.Rfd1 Nb6 13.Bd3 Na4 14.Qc2 Nf4 15.Bf1 h6
16.Bh4 f5 17.Nfd2 Kh8 18.f3 g5 19.Bf2 fxe4 20.Nxe4 g4 21.Nbd2 Nb6 22.Bc5 Rg8
23.Kh1 Bf5 24.fxg4 Bxg4 25.Re1 Rad8 26.Nc4 Nxc4 27.Bxc4 Rge8 28.Ng3 b6 29.Be3 Rf8
30.Bxf4 Rxf4 31.Be2 Be6 32.Bf3 Rdf8 33.Re4 R4f7 34.c4 Qe7 35.Rae1 b5 36.b3 bxc4
37.bxc4 Qc5 38.Qc3 Bd5 39.Qe3 Qxe3 40.R4xe3 Bxf3 41.gxf3 Rxf3 42.Nh5 Rxe3
43.Rxe3 Rf5 44.Ng3 Rf4 45.Nh5 Rf5 46.Ng3 Rf7 47.Nh5 Re7 48.Kg2 Kh7 49.Nxg7 Kxg7
50.Rd3 Rf7 51.Rd6 Rf6 52.Rd7+ Kg6 53.Re7 Kf5 54.Kf3 Rd6 55.Rf7+ Ke6 56.Rc7 Rd3+
57.Ke2 Rh3 58.Rxc6+ Kf5 59.Ra6 Ke4 60.c5 Rxh2+ 61.Kd1 Kd5 62.c6 Kd6 63.a4 h5
64.a5 h4 65.Rxa7 Kxc6 66.a6 Kb6 67.Re7 h3 68.a7 Ra2 69.Rh7 Rxa7 70.Rxh3  1/2-1/2

[Event "Tallinn"]
[Site "Tallinn"]
[Date "1989.??.??"]
[Round "1"]
[White "Ehlvest, Jaan"]
[Black "Timoshchenko, Gennadi A"]
[Result "1/2-1/2"]
[WhiteElo "2600"]
[BlackElo "2460"]

1.d4 Nf6 2.c4 e6 3.Nf3 b6 4.g3 Bb7 5.Bg2 Be7 6.O-O O-O 7.Nc3 Ne4 8.Bd2 Bf6
9.Rc1 c5 10.Be1 Na6 11.a3 Nc7 12.Nxe4 Bxe4 13.Bc3 cxd4 14.Bxd4 d5 15.Bxf6 Qxf6
16.Qd4 Rfc8 17.Qxf6 gxf6 18.Nd4 Bxg2 19.Kxg2 Kf8 20.Kf3 f5 21.h3 Rd8 22.e3 Kg7
23.g4 fxg4+ 24.hxg4 Rd7 25.Rh1 h6 26.Rh5 dxc4 27.Rxc4 Nd5 28.Rh1 Ne7 29.Rhc1 Rad8
30.Rc7 Kf6 31.Rxd7 Rxd7 32.Ke4 Nd5 33.f4 Rc7 34.Rxc7 Nxc7 35.Nc6 a5 36.Kd4 Nd5
37.b4 axb4 38.Nxb4 Nxb4 39.axb4 Ke7 40.e4 Kd6 41.e5+ Kc6 42.Kc4 b5+ 43.Kd4 Kb6
44.Ke3 Kc7 45.Kf3 Kd7 46.f5 exf5 47.gxf5 Kc6 48.Kg4 Kd5 49.e6 Kd6 50.Kh5 Ke7
51.Kxh6 fxe6 52.Kg5 exf5  1/2-1/2

[Event "Tallinn"]
[Site "Tallinn"]
[Date "1989.??.??"]
[Round "2"]
[White "Gelfand, Boris"]
[Black "Ehlvest, Jaan"]
[Result "0-1"]
[WhiteElo "2600"]
[BlackElo "2600"]

1.d4 Nf6 2.c4 e6 3.Nf3 b6 4.Nc3 Bb7 5.a3 d5 6.Bg5 Be7 7.Bxf6 Bxf6 8.cxd5 exd5
9.g3 O-O 10.Bg2 Qe7 11.Qb3 Rd8 12.O-O c5 13.Rad1 Na6 14.e3 Bc6 15.Rfe1 Rac8
16.Qc2 Nc7 17.Rd2 Nb5 18.Nxb5 Bxb5 19.Rc1 Qe8 20.Qd1 c4 21.Kh1 Ba4 22.Qe1 b5
23.Re2 Rd6 24.Nd2 Qd8 25.Nb1 Rb8 26.Bh3 a5 27.b4 axb4 28.axb4 Be7 29.Rb2 Ra6
30.Qc3 h5 31.Bg2 h4 32.Nd2 Rh6 33.e4 Rf6 34.Kg1 hxg3 35.hxg3 dxe4 36.Nxe4 Rh6
37.Nc5 Rd6 38.Nb7 Rxb7 39.Bxb7 Bf6 40.Re2 Bxd4 41.Qf3 Rf6 42.Qg2 g5 43.Rce1 Kg7
44.Qd5 Qxd5 45.Bxd5 Rd6 46.Be4 Bc3 47.Rb1 Bd2 48.Kf1 c3 49.f3 Rd4 50.Bf5 Kf6
51.Bh7 Rd8 52.Kf2 Rc8 53.Bd3 Rh8 54.g4 Rd8 55.Bf5 Bf4 56.Kg2 Rd5 57.Bh7 Rd4
58.Bf5 Rd2 59.Kf2 c2 60.Bxc2 Rxc2  0-1

[Event "Tallinn"]
[Site "Tallinn"]
[Date "1989.??.??"]
[Round "3"]
[White "Ehlvest, Jaan"]
[Black "Marin, Mihail"]
[Result "1-0"]
[WhiteElo "2600"]
[BlackElo "2495"]

1.e4 e5 2.Nf3 Nc6 3.Bb5 a6 4.Ba4 Nf6 5.O-O Nxe4 6.d4 b5 7.Bb3 d5 8.dxe5 Be6
9.Nbd2 Nc5 10.c3 d4 11.Bxe6 Nxe6 12.cxd4 Ncxd4 13.a4 Be7 14.Nxd4 Qxd4 15.axb5 Qxe5
16.bxa6 O-O 17.Qa4 Rfb8 18.a7 Rb7 19.Nf3 Qd5 20.Be3 Bc5 21.Rad1 Qb3 22.Qxb3 Rxb3
23.Bxc5 Nxc5 24.Nd4 Rb7 25.Nc6 Kf8 26.f3 Ke8 27.Rd5 Ne6 28.b4 Rb6 29.b5 g6
30.f4 Rxc6 31.bxc6 Rxa7 32.f5 gxf5 33.Rdxf5 Nd8 34.Rh5 Nxc6 35.Rxh7 Ne5 36.Re1 Ra5
37.Rh5 f6 38.Rh7 Kd8 39.Rf1 Ra6 40.Rc1 c6 41.h3  1-0

[Event "Tallinn"]
[Site "Tallinn"]
[Date "1989.??.??"]
[Round "4"]
[White "Psakhis, Lev"]
[Black "Ehlvest, Jaan"]
[Result "1/2-1/2"]
[WhiteElo "2585"]
[BlackElo "2600"]

1.e4 c5 2.Nf3 d6 3.d4 cxd4 4.Nxd4 Nf6 5.Nc3 e6 6.Be2 Be7 7.O-O Nc6 8.Be3 Bd7
9.f4 Nxd4 10.Qxd4 Bc6 11.Rad1 O-O 12.Bf3 Qc7 13.Kh1 Rfd8 14.h3 Rd7  1/2-1/2

[Event "Tallinn"]
[Site "Tallinn"]
[Date "1989.??.??"]
[Round "8"]
[White "Borges Mateos, Juan"]
[Black "Ehlvest, Jaan"]
[Result "0-1"]
[WhiteElo "2535"]
[BlackElo "2600"]

1.d4 Nf6 2.c4 e6 3.Nf3 b6 4.g3 Ba6 5.b3 Bb4+ 6.Bd2 Be7 7.Bg2 c6 8.O-O d5
9.Bc3 Ne4 10.Qc2 Nxc3 11.Nxc3 Nd7 12.Rfd1 O-O 13.e3 dxc4 14.Qe2 b5 15.a4 b4
16.Ne4 Qa5 17.bxc4 Rab8 18.Qd3 Rfd8 19.Qb3 c5 20.Ne5 Nxe5 21.dxe5 Qc7 22.f4 Bb7
23.Kf2 Bc6 24.Nd2 Be8 25.Be4 f6 26.Qc2 h6 27.exf6 Bxf6 28.Ra2 Bc3 29.Nb3 Rxd1
30.Qxd1 Rd8 31.Qe2 Qd6 32.a5 Bf7 33.Rc2 e5 34.f5 Qa6 35.Nd2 Kh8 36.Bd3 Qd6  0-1

[Event "Tallinn"]
[Site "Tallinn"]
[Date "1989.??.??"]
[Round "9"]
[White "Ehlvest, Jaan"]
[Black "Drasko, Milan"]
[Result "1/2-1/2"]
[WhiteElo "2600"]
[BlackElo "2505"]

1.d4 d5 2.c4 dxc4 3.Nf3 Nf6 4.Nc3 e6 5.e3 a6 6.a4 c5 7.Bxc4 Nc6 8.O-O Be7
9.Qe2 cxd4 10.Rd1 e5 11.exd4  1/2-1/2

[Event "Haninge"]
[Site "Haninge"]
[Date "1990.??.??"]
[Round "1"]
[White "Hector, Jonny"]
[Black "Ehlvest, Jaan"]
[Result "0-1"]
[WhiteElo "2465"]
[BlackElo "2620"]

1.e4 d6 2.d4 Nf6 3.Nc3 g6 4.f4 Bg7 5.Nf3 c5 6.dxc5 Qa5 7.Bd3 Qxc5 8.Qe2 Bg4
9.Be3 Qa5 10.h3 Bxf3 11.Qxf3 Nc6 12.O-O-O O-O 13.Kb1 Rfc8 14.Ne2 Nb4 15.a3 Nxd3
16.Rxd3 Rc6 17.Rhd1 Rac8 18.c3 Rc4 19.e5 Ne4 20.Bd4 d5 21.f5 e6 22.fxe6 fxe6
23.Qg4 Re8 24.Rf1 Qb5 25.Ka1 Nc5 26.Rdf3 Nb3+ 27.Ka2 Nd2 28.Ka1 Ra4 29.h4 Qa6
30.c4 Nxf1 31.Rxf1 Rxc4 32.Rf4 Qa4 33.h5 Qd1+ 34.Ka2 g5 35.Qxg5 Qxe2 36.h6 Rc7
37.hxg7 Rxg7 38.Qf6 Qc4+ 39.Ka1 Qc1+ 40.Ka2 Qc4+ 41.Ka1 Qc8 42.Qh4 Qc1+ 43.Ka2 Qc4+
44.Ka1 Qe2 45.Bxa7 Rxg2 46.Bd4 Rg6 47.Bc3 h6 48.Ka2 b5 49.Rb4 Kh7 50.Qd4 Rc8
51.Qd2 Qxd2 52.Bxd2 Rg2  0-1

[Event "Haninge"]
[Site "Haninge"]
[Date "1990.??.??"]
[Round "2"]
[White "Ehlvest, Jaan"]
[Black "Ftacnik, Lubomir"]
[Result "1-0"]
[WhiteElo "2620"]
[BlackElo "2560"]

1.d4 Nf6 2.c4 g6 3.Nf3 Bg7 4.g3 O-O 5.Bg2 d5 6.cxd5 Nxd5 7.O-O Nc6 8.e4 Nb6
9.d5 Na5 10.Nc3 c6 11.Bg5 h6 12.Bf4 Bg4 13.h3 Bxf3 14.Qxf3 cxd5 15.exd5 Rc8
16.Rad1 Nac4 17.Bc1 Nd7 18.Qe2 Re8 19.h4 Nxb2 20.Qxb2 Nb6 21.Qa3 Rxc3 22.Qxa7 Rc2
23.a3 Nc8 24.Qxb7 Nd6 25.Qa6 Qa8 26.Qxa8 Rxa8 27.Rfe1 Ra7 28.Bf1 Bb2 29.Bxh6 Bxa3
30.Bd3 Rc3 31.Bg5 Kf8 32.Bh6+ Kg8 33.Bg5 Kf8 34.Kg2 Bc5 35.Re2 Rca3 36.Bh6+ Kg8
37.Bg5 Ra2 38.Rxa2 Rxa2 39.Rd2 Rxd2 40.Bxd2 Ne8 41.Be2 Ng7 42.Bf4 f5 43.Ba6 Kf7
44.Bc8 Bd6 45.Bh6 e6 46.Bxg7 Kxg7 47.Bxe6 Kf6 48.f3 Bb4 49.g4 fxg4 50.fxg4 Ke5
51.Kh3 Bd6 52.Bf7 Kf6 53.Bg8 Ke5 54.Be6 Bc7 55.Bf7 Kf6 56.Bg8 Ke5 57.g5 Kf4
58.Bf7 Kf5 59.Be6+ Kf4 60.Bg8 Bd6 61.Bf7 Kf5 62.Bxg6+ Kxg6 63.Kg4  1-0

[Event "Haninge"]
[Site "Haninge"]
[Date "1990.??.??"]
[Round "5"]
[White "Sax, Gyula"]
[Black "Ehlvest, Jaan"]
[Result "1/2-1/2"]
[WhiteElo "2605"]
[BlackElo "2620"]

1.e4 d6 2.d4 Nf6 3.Nc3 g6 4.f4 Bg7 5.Nf3 c5 6.Bb5+ Bd7 7.Bxd7+ Nbxd7 8.e5 Nh5
9.exd6 O-O 10.O-O exd6 11.dxc5 dxc5 12.f5 Ne5 13.Qxd8 Raxd8 14.Bg5 Nxf3+
15.Rxf3  1/2-1/2

[Event "Haninge"]
[Site "Haninge"]
[Date "1990.??.??"]
[Round "8"]
[White "Van der Wiel, John TH"]
[Black "Ehlvest, Jaan"]
[Result "1/2-1/2"]
[WhiteElo "2550"]
[BlackElo "2620"]

1.e4 e6 2.d4 d5 3.Nd2 c5 4.Ngf3 cxd4 5.Nxd4 Nc6 6.Bb5 Bd7 7.Nxc6 Bxc6 8.Bxc6+ bxc6
9.c4 dxe4 10.Nxe4 Bb4+ 11.Ke2 Qa5 12.Be3 Be7 13.Qd2 Qxd2+ 14.Bxd2 Nf6 15.Nxf6+ Bxf6
16.Rab1 Bd4 17.Rhd1 O-O-O 18.b4 Rd7 19.a4 Rhd8 20.Be3 Bxe3 21.fxe3 Kc7 22.Rxd7+ Rxd7
23.a5 a6 24.b5 cxb5 25.cxb5 Kb7 26.h4  1/2-1/2

[Event "FIN-EST"]
[Site "Helsinki"]
[Date "1990.??.??"]
[Round "?"]
[White "Yrjola, Jouni"]
[Black "Ehlvest, Jaan"]
[Result "1/2-1/2"]
[WhiteElo "2495"]
[BlackElo "2620"]

1.d4 Nf6 2.c4 e6 3.Nc3 Bb4 4.Qc2 O-O 5.a3 Bxc3+ 6.Qxc3 b6 7.Bg5 Bb7 8.Nh3 Re8
9.e3 Qe7 10.f3 h6 11.Bh4 d5 12.Bd3 Nbd7 13.cxd5 exd5 14.O-O c5 15.Rfe1 Rac8  1/2-1/2

[Event "New York op"]
[Site "New York"]
[Date "1990.??.??"]
[Round "1"]
[White "Djuric, Stefan"]
[Black "Ehlvest, Jaan"]
[Result "1/2-1/2"]
[WhiteElo "2495"]
[BlackElo "2620"]

1.Nf3 g6 2.e4 d6 3.d4 Nf6 4.Nc3 Bg7 5.Be2 O-O 6.O-O Bg4 7.h3 Bxf3 8.Bxf3 Nc6
9.d5 Ne5 10.Be2 c6 11.Re1 Ned7 12.Bf1 Rc8 13.a4 a5 14.Be3 Qc7 15.Qd2 Nb6
16.Bd4 Ne8 17.Nd1 Bxd4 18.Qxd4 Nd7 19.Ra3 Nef6 20.Rc3 Rfd8 21.b3 Nc5 22.h4 Qb6
23.Rce3 Ncd7 24.Qxb6 Nxb6 25.c4 Nbd7 26.g3 Rc7 27.Bh3 Nc5 28.f3 Kf8 29.Nf2 Rb8
30.Bf1 Nfd7 31.f4 Nb6 32.Rd1 Rd8 33.Bg2 e6 34.dxc6 bxc6 35.Rc1 Nbd7 36.Bf3 Ke7
37.Kf1 Rb8 38.Bd1 Rcb7 39.Rcc3 h6 40.Ke2 f5 41.Bc2 Rf8 42.h5 fxe4 43.Bxe4 gxh5
44.Bxc6 Rc7 45.Bxd7 Kxd7 46.Nd3 Nxd3 47.Rcxd3 Rf5 48.Kf3 Rcc5 49.Re2 Ke7
50.Ke4 Rc6 51.Rh2 Rfc5 52.Kd4 Rf5 53.Re3 Rc8 54.Rhe2 Rf6 55.Rh2 Rf5 56.Ke4 Rg8
57.Rd3 Rc5 58.Rh3 Rg6 59.Rd1 Rg8 60.Kd4 Rf8 61.Rdh1 Rff5 62.Ke4 Kd7 63.R3h2 Ke7
64.Rh4 Kd7 65.R4h3 Kc6 66.Kd4 Kd7 67.Rh4 Ke7 68.Ke3 Kd7 69.Ke4 Ke7 70.Kf3 Kd7
71.R4h2 Rce5 72.Rd1 Rc5 73.Rdh1 Rce5 74.Rd1 Rc5 75.Rdh1 Rce5  1/2-1/2

[Event "New York op"]
[Site "New York"]
[Date "1990.??.??"]
[Round "4"]
[White "Ehlvest, Jaan"]
[Black "Christiansen, Larry Mark"]
[Result "1/2-1/2"]
[WhiteElo "2620"]
[BlackElo "2560"]

1.e4 c5 2.Nf3 d6 3.d4 cxd4 4.Nxd4 Nf6 5.Nc3 a6 6.Be2 e5 7.Nb3 Be7 8.O-O O-O
9.Be3 Be6 10.Qd2 Nbd7 11.a4 Rc8 12.a5 Rc6 13.Rfe1 h6 14.f3 Nh5 15.g3 f5 16.exf5 Rxf5
17.Rf1 Rf7 18.f4 Nhf6 19.fxe5 dxe5 20.Bf3 Rc7 21.Nd5 Nxd5 22.Bxd5 Bxd5 23.Qxd5 Nf6
24.Qxd8+ Bxd8 25.Bb6 Rc8 26.Bxd8 Rxd8 27.Rad1 Rfd7 28.Rxd7 Rxd7 29.Re1 e4
30.Nc5 Rd2 31.Nxe4 Rxc2  1/2-1/2

[Event "New York op"]
[Site "New York"]
[Date "1990.??.??"]
[Round "5"]
[White "Epishin, Vladimir"]
[Black "Ehlvest, Jaan"]
[Result "1-0"]
[WhiteElo "2550"]
[BlackElo "2620"]

1.d4 g6 2.Nf3 Bg7 3.c4 d6 4.Nc3 e5 5.e4 Bg4 6.d5 a5 7.Be2 Bd7 8.O-O Na6 9.a3 Nf6
10.Be3 Ng4 11.Bg5 f6 12.Bd2 Nh6 13.b4 Nf7 14.Rb1 f5 15.Ne1 axb4 16.axb4 O-O
17.f3 c6 18.Nd3 Nc7 19.dxc6 bxc6 20.b5 c5 21.Ra1 Ne6 22.Rxa8 Qxa8 23.Nd5 Nd4
24.Nb6 Qb7 25.Nxd7 Qxd7 26.Be3 Bh6 27.Bxd4 exd4 28.exf5 Be3+ 29.Kh1 Qxf5
30.f4 d5 31.Bg4 Qf6 32.Nxc5 dxc4 33.Nd7 Qd6 34.Nxf8 Kxf8 35.f5 g5 36.f6 Ne5
37.Bf5 g4 38.Qa1 d3 39.Qa8+ Kf7 40.Bxh7  1-0

[Event "New York op"]
[Site "New York"]
[Date "1990.??.??"]
[Round "7"]
[White "Ivanov, Alexander"]
[Black "Ehlvest, Jaan"]
[Result "1-0"]
[WhiteElo "2520"]
[BlackElo "2620"]

1.e4 d6 2.d4 Nf6 3.Nc3 g6 4.Be3 c6 5.Qd2 b5 6.Bd3 Nbd7 7.Nf3 Bg7 8.Bh6 O-O
9.Bxg7 Kxg7 10.e5 dxe5 11.dxe5 Ng4 12.Qg5 Nc5 13.Rd1 Qc7 14.O-O Nh6 15.Ne4 Nxd3
16.Rxd3 Bf5 17.Re1 Rad8 18.Rde3 Bc8 19.c3 Nf5 20.R3e2 c5 21.Ng3 Nxg3 22.hxg3 Rd3
23.Rd2 Rxd2 24.Nxd2 Rd8 25.Qe3 Bb7 26.Nb3 Rd5 27.g4 a5 28.f3 a4 29.Nd2 c4
30.a3 Bc8 31.Nf1 Rd3 32.Qf2 Be6 33.Ng3 h6 34.Ne4 Bc8 35.Ng3 Rd5 36.Qe3 Rd3
37.Qf2 Be6 38.Nf1 Rd5 39.Ne3 Rd3  1-0

[Event "New York op"]
[Site "New York"]
[Date "1990.??.??"]
[Round "9"]
[White "Edelman, Daniel"]
[Black "Ehlvest, Jaan"]
[Result "0-1"]
[WhiteElo "2360"]
[BlackElo "2620"]

1.e4 d6 2.d4 Nf6 3.Nc3 g6 4.f4 Bg7 5.Nf3 c5 6.Bb5+ Bd7 7.e5 Ng4 8.e6 Bxb5
9.exf7+ Kd7 10.Nxb5 Qa5+ 11.Nc3 h5 12.h3 cxd4 13.Nxd4 Nc6 14.Ne2 Nh6 15.Be3 Raf8
16.O-O Rxf7 17.Ne4 Nf5 18.Bf2 Rc8 19.c3 Nd8 20.Qd3 Ne6 21.Rfd1 Ke8 22.a4 a6
23.g4 hxg4 24.hxg4 Nh6 25.Qg3 Qc7 26.Ng5 Nxg5 27.fxg5 Ng8 28.Nd4 Qd7 29.Re1 e5
30.Re4 Ne7 31.Nf3 Qe6 32.Rae1 Kf8 33.a5 Kg8 34.Bb6 Rcf8 35.Nd2 Nd5 36.c4 Nxb6
37.axb6 Qe7 38.Qe3 Qd8 39.Rf1 Rxf1+ 40.Nxf1 Rf4 41.c5 dxc5 42.Nd2 Qxg5 43.Rxf4 Qxf4
44.Qxf4 exf4 45.Nc4 Kf7 46.b3 Ke6 47.Kg2 g5 48.Kf3 Kd5 49.Na5 Bf6  0-1

[Event "FRA-chT"]
[Site "FRA"]
[Date "1991.??.??"]
[Round "?"]
[White "Bedos, Michel"]
[Black "Ehlvest, Jaan"]
[Result "0-1"]
[WhiteElo "2270"]
[BlackElo "2650"]

1.d4 Nf6 2.c4 e6 3.Nc3 Bb4 4.Qc2 O-O 5.Nf3 c5 6.e3 b6 7.Bd2 Bb7 8.a3 Bxc3
9.Bxc3 Ne4 10.dxc5 bxc5 11.Bd3 Nxc3 12.Qxc3 d6 13.O-O Nd7 14.Be2 Qb6 15.b4 a5
16.b5 a4 17.Rfd1 Rfd8 18.Ra2 Nf6 19.Ne1 d5 20.cxd5 Ne4 21.Qc2 exd5 22.Rb2 Re8
23.Rc1 c4 24.Bf1 Nc5 25.Rb4 Ra5 26.Rcb1 Nb3 27.Nf3 Rxb5 28.Rxa4 Bc6 29.Qc3 Rb8
30.h3 Bd7 31.Rd1 Be6 32.Be2 Nc5 33.Rb4 Rxb4 34.axb4 Ne4 35.Qe5 f6 36.Qa1 Qxb4
37.Nd4 Bd7 38.Qa7 Qb7 39.Qa5 Ra8 40.Qe1 Qb2 41.Bf3 Nc3 42.Rc1 Ra3 43.Kh2 Ba4
44.h4 g6 45.g3 h5 46.Kg2 Kh7 47.Kh2 Kg7 48.Kg2 Kh6 49.Kh2 Ra2 50.Kg1 Bd1
51.Rxc3 Bxf3 52.Rc1 Be4 53.Kf1 g5 54.hxg5+ fxg5 55.Kg1 h4 56.gxh4 g4 57.Qf1 g3  0-1

[Event "FRA-chT"]
[Site "FRA"]
[Date "1991.??.??"]
[Round "?"]
[White "Ehlvest, Jaan"]
[Black "Leriche, Eric"]
[Result "1-0"]
[WhiteElo "2650"]
[BlackElo "2275"]

1.c4 e5 2.Nc3 d6 3.g3 g6 4.Bg2 Bg7 5.d3 f5 6.e3 c6 7.Nge2 Be6 8.O-O Nf6 9.b3 O-O
10.Ba3 Re8 11.Rc1 Bf7 12.Qd2 Na6 13.Kh1 Qd7 14.f4 Rad8 15.e4 Nc7 16.Bb2 Kh8
17.Rce1 b5 18.cxb5 cxb5 19.Nd1 fxe4 20.dxe4 d5 21.Bxe5 Nxe4 22.Bxg7+ Kxg7
23.Qd4+ Kg8 24.Ne3 Ne6 25.Qb2 N6c5 26.Rd1 Nxg3+ 27.Nxg3 Rxe3 28.Qd4 Qe7 29.Rg1 Rxg3
30.hxg3 Qe2 31.Rge1 Qh5+ 32.Kg1 Ne6 33.Qxa7 d4 34.Qa5 Rd6 35.Qa8+ Kg7 36.Qb8 Qc5
37.Rc1 Qb4 38.Re4 Qa3 39.Rd1 d3 40.Qxb5 Qa7+ 41.Kh2 Nc5 42.Rb4 Bd5 43.Ra4 Nxa4
44.Rxd3 Nb6 45.Bxd5 Rxd5 46.Rxd5 Nxd5 47.Qxd5 Qxa2+ 48.Kh3 Qb1 49.Qf3 h5
50.Qc3+ Kf7 51.Kg2 Qa2+ 52.Kf3 Qh2 53.Ke4 h4 54.Qc4+ Kf6 55.Qd4+ Kf7 56.Qc4+ Kf6
57.gxh4 Qxh4 58.Qc3+ Kf7 59.Qc4+ Kf6 60.Qd4+ Ke6 61.Qd5+  1-0

[Event "FRA-chT"]
[Site "FRA"]
[Date "1991.??.??"]
[Round "?"]
[White "Benoit, Michel"]
[Black "Ehlvest, Jaan"]
[Result "0-1"]
[WhiteElo "2235"]
[BlackElo "2650"]

1.Nf3 g6 2.c4 Bg7 3.Nc3 c5 4.g3 Nc6 5.Bg2 d6 6.O-O Qd7 7.e3 Bxc3 8.bxc3 b6
9.e4 Bb7 10.d3 h6 11.Re1 g5 12.a4 e6 13.h4 f6 14.Bh3 Na5 15.d4 Qe7 16.e5 dxe5
17.Nxe5 fxe5 18.Rxe5 O-O-O 19.hxg5 hxg5 20.Bxg5 Rxh3  0-1

[Event "Jyvaskyla op"]
[Site "Jyvaskyla"]
[Date "1991.??.??"]
[Round "4"]
[White "Karner, Hillar"]
[Black "Ehlvest, Jaan"]
[Result "1/2-1/2"]
[WhiteElo "2350"]
[BlackElo "2650"]

1.d4 g6 2.e4 d6 3.Nc3 c6 4.g3 Bg7 5.Bg2 Nf6 6.Nge2 O-O 7.O-O e5 8.h3 b5 9.dxe5 dxe5
10.Qxd8 Rxd8 11.Be3 Nbd7 12.Rfd1 Bb7 13.Nc1 Bf8 14.Nd3 Re8 15.a3 a5 16.f3 a4
17.Kf2 Ra5 18.Nb4 Nc5 19.Ne2 Nfd7 20.Nc1 Nb6 21.Ncd3 Ncd7 22.Nc1 c5 23.Nba2 Bc6
24.Bf1 f5 25.Nc3 b4 26.Nd5 Bxd5 27.exd5 Bd6 28.Na2 Rb8 29.axb4 cxb4 30.c3 bxc3
31.Nxc3 Rc8 32.Nb5 Bc5 33.Rac1 Bxe3+ 34.Kxe3 Rxc1 35.Rxc1 Nxd5+ 36.Kf2 N5b6
37.Rc7 Kf8 38.g4 f4 39.h4 Ke7 40.h5 gxh5 41.gxh5 Ra8  1/2-1/2

[Event "Jyvaskyla op"]
[Site "Jyvaskyla"]
[Date "1991.??.??"]
[Round "7"]
[White "Ehlvest, Jaan"]
[Black "Palatnik, Semon"]
[Result "1/2-1/2"]
[WhiteElo "2650"]
[BlackElo "2450"]

1.c4 c5 2.Nc3 Nf6 3.g3 e6 4.Nf3 d5 5.cxd5 Nxd5 6.Bg2 Nc6 7.d4 Be7 8.O-O O-O
9.e4 Nb6 10.d5 exd5 11.exd5 Nb4 12.Ne1 Bf6 13.Be3 Bxc3 14.bxc3 N4xd5 15.Bxc5 Re8
16.Qd4 Be6 17.Nd3 Rc8 18.Rfe1 Qc7 19.a4 Nd7 20.Ba3 Nxc3 21.Nf4 Nf6 22.Qxa7 b6
23.Qxc7 Rxc7 24.Bd6 Rc4 25.Bf1 Rxa4 26.Rac1  1/2-1/2

[Event "URS-ESP mT"]
[Site "Logrono"]
[Date "1991.??.??"]
[Round "?"]
[White "Ehlvest, Jaan"]
[Black "Rodriguez Vargas, Orestes"]
[Result "1/2-1/2"]
[WhiteElo "2605"]
[BlackElo "2235"]

1.e4 e5 2.Nf3 Nc6 3.d4 exd4 4.Nxd4 Bc5 5.Nxc6 Qf6 6.Qd2 bxc6 7.Bd3 Ne7 8.O-O O-O
9.Kh1 d5 10.Nc3 Bb4 11.Qg5 Qxg5 12.Bxg5 Be6 13.exd5 Nxd5 14.Nxd5 cxd5 15.Rac1 c5
16.c4 h6 17.Bf4 g5 18.Bg3 Rad8 19.Rc2 dxc4 20.Bxc4 Rd2 21.Rxd2 Bxc4 22.Rc1 Bxd2
23.Rxc4 Re8 24.h3 Bf4 25.Rxc5 Re1+ 26.Kh2 Re2 27.Bxf4 gxf4 28.f3 Rxb2 29.Ra5 Kg7
30.h4 Kg6 31.h5+ Kf6 32.Kh3 Re2 33.Rxa7 Kg5 34.Kh2 f5 35.Kg1 Kxh5 36.a4 Ra2
37.a5 Ra1+ 38.Kh2 Kh4 39.a6 Ra3  1/2-1/2